01463aab a2200241 i 4500001001000000003001000010005001700020008004100037040001900078041000800097100002700105245014800132520061500280546002300895650001800918650003300936650002600969650004300995773010901038942000801147945004901155999001701204768714001CO-MdFUSB20240802120319.0240802t1994 -us||||| |||| 00| 0 eng d bspacCO-MdFUSB aeng1 aRobert, Dana L.eautor10aFrom missions to mission to beyond missions : bthe historiography of American protestant foreign missions since world war IIc/ Dana L. Robert aEn 1964, R. Pierce Beaver, profesor de historia de las misiones en la Escuela de Teología de la Universidad de Chicago, escribió De misiones a misión. En su libro, este eminente historiador de las misiones estadounidenses repasó la primera parte del siglo XX y vio un cristianismo que había alcanzado el éxito gracias al imperialismo y el prestigio euroamericanos. Sin embargo, dos guerras mundiales habían demostrado a los movimientos nacionalistas en ascenso en el mundo en desarrollo que el cristianismo no formaba parte de una cultura superior y que, además, era un agente del colonialismo. aTexto en inglés. 0aMisiones9154 0a Ecumenismo xHistoria91146 0aEvangelización9362 7aAntropología cultural y social967140 tInternational Bulletin049483961014gVolumen 18, (número 4, 1999), páginas: 146 - 162qpágina: 18 cANA aCatherine Arias Álvarez - Practicante SENA c57455d57455